|
|
|
|
| LEADER |
00000nam a22000007a 4500 |
| 005 |
20110916133519.0 |
| 008 |
110916s2008 ag ||||s|||| 00| 0 spa d |
| 020 |
|
|
|a 978-987-507-326-5
|
| 035 |
|
|
|a 2335
|
| 040 |
|
|
|a vLex
|
| 090 |
|
|
|c 2481
|d 2481
|
| 245 |
0 |
0 |
|a Nuevo rumbo ambiental
|h [Recurso electrn̤ico] /
|c Leila Devia
|
| 256 |
|
|
|a Servicio en ln̕ea.
|
| 260 |
|
|
|a [Buenos Aires] :
|b Ediciones Ciudad Argentina,
|c 2008.
|
| 300 |
|
|
|a 1 recurso electrn̤ico
|
| 500 |
|
|
|a Obra publicada en Espaą por la Editorial Hispania Libros, filial de Ciudad Argentina en Madrid.
|
| 506 |
1 |
|
|a Contenido solo disponible en los productos indicados
|d vLex Global
|d vLex Global (Academic Edition, excluding Law Schools)
|d vLex Global (U.S. Academic Edition, Law Schools)
|d vLex Global (U.S. Academic Edition, excluding Law Schools)
|d vLex Global (Academic Edition, Law Schools)
|
| 650 |
0 |
4 |
|a Medio ambiente
|z Argentina
|
| 740 |
0 |
|
|a vLex Libros (Servicio en ln̕ea)
|
| 856 |
4 |
0 |
|u http://vlex.com/source/nuevo-rumbo-ambiental-2335
|z Acceso restringido
|
| 942 |
|
|
|c BOOK
|